<?xml version="1.0" encoding="UTF-8"?>
<record
    xmlns:xsi="http://www.w3.org/2001/XMLSchema-instance"
    xsi:schemaLocation="http://www.loc.gov/MARC21/slim http://www.loc.gov/standards/marcxml/schema/MARC21slim.xsd"
    xmlns="http://www.loc.gov/MARC21/slim">

  <leader>01803    a2200241   4500</leader>
  <controlfield tag="001">25227</controlfield>
  <controlfield tag="005">20260407155536.0</controlfield>
  <controlfield tag="008">260407a1991    arg                 spa d</controlfield>
  <controlfield tag="003">AR-UNSa-BCEJYS</controlfield>
  <datafield tag="040" ind1=" " ind2=" ">
    <subfield code="a">AR-UNSa-BCEJYS</subfield>
    <subfield code="b">spa</subfield>
    <subfield code="c">AR-UNSa-BCEJYS</subfield>
  </datafield>
  <datafield tag="080" ind1=" " ind2=" ">
    <subfield code="a">336.74</subfield>
    <subfield code="x">Moneda. Sistema monetario</subfield>
  </datafield>
  <datafield tag="245" ind1="1" ind2="0">
    <subfield code="a">La ley de convertibilidad</subfield>
  </datafield>
  <datafield tag="020" ind1=" " ind2=" ">
    <subfield code="a">950-20-0632-1</subfield>
  </datafield>
  <datafield tag="264" ind1=" " ind2="1">
    <subfield code="a">Buenos Aires :</subfield>
    <subfield code="b">Abeledo Perrot</subfield>
    <subfield code="c">1991</subfield>
  </datafield>
  <datafield tag="300" ind1=" " ind2=" ">
    <subfield code="a">365 p.</subfield>
    <subfield code="c">23 cm.</subfield>
  </datafield>
  <datafield tag="505" ind1=" " ind2=" ">
    <subfield code="a">Parte I : La Ley 23.928 : 1. Introducci&#xF3;n -  Parte II : El r&#xE9;gimen jur&#xED;dico del dinero : 2. Nociones introductorias - 3. R&#xE9;gimen jur&#xED;dico del dinero en la rep&#xFA;blica argentina hasta la sanci&#xF3;n de la ley 23.928 - 4. Ley 23.928 incidencia en el r&#xE9;gimen jur&#xED;dico del dinero - Parte III : Las relaciones jur&#xED;dicas ante la inflaci&#xF3;n.Introducci&#xF3;n - 5. La ley 23.928 : Retorno al nominalismo legalmente impuesto - Parte IV : La contrataci&#xF3;n en moneda extranjera : 7. La moeda extranjera en la contrataci&#xF3;n privada hasta el 1-04-1991 - 8. Las obligaciones en moeda extranjera a partir de la ley 23.928 - Parte V : La capitalizaci&#xF3;n de intereses : 9. R&#xE9;gimen del anatocismo antes y despu&#xE9;s de las Ley 23.928 - Parte VI : Efectos de la ley 23.928 en otras ramas del derecho : 10. Efectos de la ley 23.928 en los concursos - 11. Efectos de la ley 23.928 en el contrato de seguro - 12. Efectos de la Ley 23.928 sobre el derecho de sociedades - 13. Efectos de la convertibilidad sobre las operaciones financieras y t&#xED;tulos valores - 14. La desindexaci&#xF3;n de contratos administrativos - 15. Derogaci&#xF3;n de normas contradictorias.</subfield>
  </datafield>
  <datafield tag="942" ind1=" " ind2=" ">
    <subfield code="c">BK</subfield>
  </datafield>
  <datafield tag="590" ind1=" " ind2=" ">
    <subfield code="a">niveau_biblio:m niveau_hierar:0</subfield>
  </datafield>
  <datafield tag="100" ind1="1" ind2=" ">
    <subfield code="a">Alegr&#xED;a, H&#xE9;ctor</subfield>
  </datafield>
  <datafield tag="700" ind1="1" ind2=" ">
    <subfield code="a">Rivera, Julio C&#xE9;sar</subfield>
  </datafield>
  <datafield tag="700" ind1="1" ind2=" ">
    <subfield code="a">Gonz&#xE1;lez Arzac, Rafael</subfield>
  </datafield>
  <datafield tag="700" ind1="1" ind2=" ">
    <subfield code="a">Hutchinson, Tom&#xE1;s A.</subfield>
  </datafield>
  <datafield tag="999" ind1=" " ind2=" ">
    <subfield code="c">1334</subfield>
    <subfield code="d">1334</subfield>
  </datafield>
  <datafield tag="952" ind1=" " ind2=" ">
    <subfield code="0">0</subfield>
    <subfield code="1">0</subfield>
    <subfield code="4">0</subfield>
    <subfield code="7">0</subfield>
    <subfield code="a">BCEJYS</subfield>
    <subfield code="b">BCEJYS</subfield>
    <subfield code="c">16</subfield>
    <subfield code="d">2026-04-07</subfield>
    <subfield code="l">0</subfield>
    <subfield code="o">336.74 A366</subfield>
    <subfield code="p">L58893</subfield>
    <subfield code="r">2026-04-07 15:55:36</subfield>
    <subfield code="w">2026-04-07</subfield>
    <subfield code="y">L</subfield>
  </datafield>
</record>
